Sąsiedzi sąsiadów Maroka - Statystyki

Ogólne statystyki
  • Ten quiz został rozwiązany 42 razy
    20 od ostatniego zresetowania
  • Średni wynik to 8 z 9
Statystyki odpowiedzi
Kontynent Odpowiedź % Poprawnych
Afryka Libia
94%
Afryka Mali
94%
Europa Portugalia
94%
Afryka Tunezja
94%
Europa Andora
89%
Europa Francja
89%
Afryka Senegal
89%
Afryka Niger
83%
Europa Wielka Brytania
83%
Nie znaleziono quizów pasujących do podanych kryteriów
Rozkład punktacji
Procent ludzi z każdym wynikiem
Percentyl według liczby udzielonych odpowiedzi
Twoja historia wyników
Nie rozwiązałeś tego quizu od ostatniego zresetowania